Dokumentárne platby

Slovenská sporiteľňa, a.s. a dokumentárne platby. Doklady používané pri dokumentárnych platbách. Dokumentárny akreditív. Dokumentárne inkaso.

Salvato in:
Dettagli Bibliografici
Autore principale: Záchenský, Peter
Natura: Capitolo di libro
Lingua:slovacco
Soggetti:
Tags: Aggiungi Tag
Nessun Tag, puoi essere il primo ad aggiungerne!!

MARC

LEADER 00000naa a2200000 4500
001 r032815
005 20230929092803.8
041 0 |a slo 
044 |a SK 
245 1 0 |a Dokumentárne platby  |c Peter Záchenský 
520 |a Slovenská sporiteľňa, a.s. a dokumentárne platby. Doklady používané pri dokumentárnych platbách. Dokumentárny akreditív. Dokumentárne inkaso. 
610 2 0 |a inkaso dokumentárne 
610 2 0 |a platby obchodné 
610 2 0 |a akreditívy 
610 2 0 |a banky 
610 2 0 |a obchod zahraničný 
610 2 0 |a služby bankové 
610 2 0 |a Slovenská sporiteľňa, a.s. Bratislava 
100 1 |a Záchenský, Peter